000 00536nam a2200181 a 4500
005 20140412111249.0
008 020516s19uu xx 00 eng d
020 _a1-85434-129-4
050 _aREF 581.07
_bB171 1992
100 _aBaker, Wendy
245 _aPlants /
_cWendy Bake & Andrew Haslam ; written by Claire Watts & Alexandra Parsons.
260 _aLondon :
_bTwo-Can,
_c1992.
300 _a48 p. ; ill.
440 _aMake It Work!
500 _aIncludes indexes
650 _aPlants
_xJuvenile literature
999 _c103067
_d103067